000 00323nam a2200121Ia 4500
008 240624s9999 xx 000 0 und d
041 _aeng
082 _a658.4013 MOD
100 _aMODY SURESH M
245 _aSTATISTICAL PROCESS CONTROL AND RELATED
260 _c1996
_aMumbai
_bD.L. Shah Trust
300 _a118 : p. : cm. ; 24
999 _c9317
_d9317